Rice market liberalization and poverty in Viet Nam / (Record no. 18289)

000 -LEADER
fixed length control field 00521cam a22001814a 4500
020 ## - INTERNATIONAL STANDARD BOOK NUMBER
ISBN 0896291170
040 ## - CATALOGING SOURCE
Transcribing agency DLC
082 00 - DEWEY DECIMAL CLASSIFICATION NUMBER
Classification number 381 IFPRI 2000 C141 Or.
100 1# - MAIN ENTRY--AUTHOR NAME
Personal name Minot, Nicholas.
245 10 - TITLE STATEMENT
Title Rice market liberalization and poverty in Viet Nam /
260 ## - PUBLICATION, DISTRIBUTION, ETC. (IMPRINT)
Place of publication Washington, D.C. :
Name of publisher International Food Policy Research Institute,
Year of publication c2000.
300 ## - PHYSICAL DESCRIPTION
Number of Pages xiii, 113 p. :
Other physical details ill. ;
Dimensions 25 cm.
490 1# - SERIES STATEMENT
Series statement Research report ;
650 #0 - SUBJECT ADDED ENTRY--TOPICAL TERM
Topical Term Rice trade
650 #0 - SUBJECT ADDED ENTRY--TOPICAL TERM
Topical Term Poor
700 1# - ADDED ENTRY--PERSONAL NAME
Personal name Goletti, Francesco,
942 ## - ADDED ENTRY ELEMENTS (KOHA)
Koha item type ADB
952 ## - LOCATION AND ITEM INFORMATION (KOHA)
Withdrawn status [LOCAL, KOHA] 0
Holdings
Source of acquisition Permanent Location Date acquired Koha item type Lost status Shelving location Current Location Full call number
A38129Library Block C2019-10-07សៀវភៅភាសាអង់គ្លេស C141Library Block C381 IFPRI 2000 C141 Or.
មជ្ឈមណ្ឌលឯការនៃសាកលវិទ្យាល័យភូមិន្ទកសិកម្មចំការដូង

Powered by Koha